000
00267nam a22001097a 4500
008
160520b xxu||||| |||| 00| 0 eng d
020
_a
0312255438
041
_a
eng
080
_a
778.5
245
_a
The bedford introduction to drama:
_c
Lee A. Jacobus;
942
_2
udc
_c
BK
999
_c
2325
_d
2325